000 00695nam a2200277Ia 4500
005 20260324134144.0
008 008 260324s9999 xx 000 0 eng d
020 _a9780429122828
037 _aEBOOK
040 _aCRL
040 _beng
040 _cCRL
041 _2eng
041 _aeng
084 _qCRL
100 _aMustafa R.S. Kulenovic; Orlando Merino
_91195774
245 0 _aDiscrete Dynamical Systems and Difference Equations with Mathematica
260 _bTaylor and Francis
260 _c2002
365 _a
365 _b385
856 _uhttp://www.taylorfrancis.com/books/9780429122828
942 _cEBOOK
999 _c1795538
_d1795538